00334 2200145 4500001002100000005001500021035002000036245003900056100002100095300001100116260002700127082000800154084001400162990001200176INLIS00000000000307520250930084213 a0010-09250004221 aBurung Hud-Hud /cWachied Al-Hazza0 aWachied Al-Hazza a32 hlm aSurabaya :bSerba Jaya a200 a200 WAC b a0755564